000
00272 a2200121 4500
001
76223
005
20260408134833.0
090
_a
76223
100
_a
20260408 pory50
200
_a
O Fogo e as cinzas
_f
Manuel da Fonseca
205
_a
7 ยช
210
_c
Forja
_d
1980
942
_c
MON